[Event "FISU World University-ch 2020"]
[Site "Online"]
[Date "2020.10.26"]
[Round "7.9"]
[White "Gamage, Chathulanka"]
[Black "Rubio Tent, Francisco"]
[Result "0-1"]
[WhiteElo "1895"]
[BlackElo "2357"]
[Annotator "TA"]
[PlyCount "152"]
[EventDate "2020.10.26"]
[SourceTitle "playchess.com"]
[Source "ChessBase"]
[SourceQuality "1"]

1. e4 c6 2. d4 d5 3. exd5 cxd5 4. Bd3 Nc6 5. c3 Qc7 6. Ne2 Bg4 7. O-O Nf6 8. Qe1 Qc8 9. Bg5 Bf5 10. Qd1 Bxd3 11. Qxd3 Qg4 12. Bf4 a6 13. Nd2 e6 14. Rae1 Be7 15. h3 Qg6 16. Qe3 h5 17. Bh2 h4 18. Nf4 Qf5 19. Qd3 Qxd3 20. Nxd3 Nd7 21. Re2 O-O-O 22. Rfe1 b6 23. Nf3 Bf6 24. Nde5 Ndxe5 25. Nxe5 Nxe5 26. Bxe5 Rhg8 27. Re3 Be7 28. Bh2 Kd7 29. Rf3 Rgf8 30. Rfe3 Rde8 31. R1e2 Bg5 32. Rf3 Bd8 33. Rfe3 g5 34. f3 b5 35. a3 a5 36. f4 Rg8 37. Rf2 f5 38. fxg5 Rxg5 39. Be5 Rg6 40. Kh2 Reg8 41. Ree2 Rg3 42. Kh1 Rd3 43. Rd2 Re3 44. Rde2 Re4 45. Rxe4 dxe4 46. Kg1 Kc6 47. Kf1 Kd5 48. Ke2 Be7 49. Bf4 b4 50. axb4 axb4 51. Ke3 Rc8 52. Rc2 bxc3 53. Rxc3 Rc4 54. Rb3 Rxd4 55. Rb5+ Bc5 56. Ke2 Kc6 57. Rb8 Bd6 58. Be3 Bxb8 59. Bxd4 Kd5 60. Bf6 Bg3 61. Bg5 Kc4 62. Be7 Kb3 63. Ba3 Kc2 64. Ke3 Be1 65. Ke2 Bg3 66. Ke3 Kd1 67. Be7 Ke1 68. b4 Kf1 69. b5 Kxg2 70. b6 Bf2+ 71. Kf4 Bxb6 72. Bxh4 Kxh3 73. Bg5 Bc7+ 74. Ke3 Kg4 75. Bh6 Bb6+ 76. Ke2 f4 0-1

[Event "FISU World University-ch 2020"]
[Site "Online"]
[Date "2020.10.26"]
[Round "7.9"]
[White "Jayaweera, C L"]
[Black "Nieves Cabanes, Jose Manuel"]
[Result "0-1"]
[WhiteElo "1781"]
[BlackElo "2293"]
[Annotator "RC"]
[PlyCount "140"]
[EventDate "2020.10.26"]
[SourceTitle "playchess.com"]
[Source "ChessBase"]
[SourceQuality "1"]

1. d4 Nf6 2. Bg5 e6 3. e4 h6 4. Bxf6 Qxf6 5. e5 Qd8 6. g3 d6 7. exd6 cxd6 8. Bg2 Qb6 9. b3 Be7 10. Ne2 O-O 11. O-O Nd7 12. Nd2 Nf6 13. c4 Bd7 14. Qc2 Rac8 15. Rac1 Rfd8 16. Qb1 a5 17. Rfe1 Bf8 18. Ne4 Nxe4 19. Qxe4 Rc7 20. Nc3 g6 21. Qd3 Bg7 22. Rcd1 Be8 23. h4 h5 24. Ne4 d5 25. c5 Qb5 26. Nc3 Qxd3 27. Rxd3 Rb8 28. Bf1 Rcc8 29. Rdd1 b6 30. Ba6 Rc7 31. Bb5 Rxc5 32. dxc5 Bxc3 33. Bxe8 Bxe1 34. Bd7 Bb4 35. c6 Bd6 36. Rc1 Bc7 37. Kf1 Kf8 38. Ke2 Ke7 39. Rc2 Kd6 40. a3 f6 41. Rc3 e5 42. f4 e4 43. Ke3 b5 44. Rc1 Bb6+ 45. Ke2 f5 46. Rd1 d4 47. Rc1 Bc7 48. Kd2 Kd5 49. Ke2 Ra8 50. Kd2 Ra7 51. Ke2 Bd6 52. a4 bxa4 53. bxa4 Rc7 54. Be8 Rg7 55. Bd7 d3+ 56. Ke3 Bc7 57. Rb1 Kd6 58. Be8 Rg8 59. Bd7 Ra8 60. Rb5 Ra6 61. Re5 Rxc6 62. Bxc6 Kxc6 63. Rb5 Bb6+ 64. Kd2 Bc5 65. Rb8 Kd5 66. Rg8 Kc4 67. Rxg6 e3+ 68. Kc1 e2 69. Re6 Bb4 70. g4 d2+ 0-1

[Event "FISU World University-ch 2020"]
[Site "Online"]
[Date "2020.10.26"]
[Round "7.10"]
[White "Lin, Peisen"]
[Black "Voloshynskyi, Liubomyr"]
[Result "1-0"]
[WhiteElo "1965"]
[BlackElo "2118"]
[Annotator "TA"]
[PlyCount "69"]
[EventDate "2020.10.26"]
[SourceTitle "playchess.com"]
[Source "ChessBase"]
[SourceQuality "1"]

1. e4 e5 2. Nf3 Nc6 3. Bb5 a6 4. Ba4 Nf6 5. O-O Be7 6. Bxc6 dxc6 7. d3 Qd6 8. b3 O-O 9. Bb2 Nd7 10. Nbd2 b5 11. a4 Bf6 12. Qe2 Re8 13. Rfd1 Nf8 14. Nf1 Ng6 15. Ng3 Nf4 16. Qe3 Bg4 17. h3 Bxf3 18. Qxf3 g6 19. Ne2 Nxe2+ 20. Qxe2 Bg7 21. h4 Qe6 22. h5 c5 23. Bc1 f5 24. Be3 Qc6 25. hxg6 hxg6 26. exf5 gxf5 27. Qh5 f4 28. axb5 axb5 29. Rxa8 Rxa8 30. Bd2 c4 31. bxc4 bxc4 32. Bc3 cxd3 33. Rxd3 e4 34. Qg5 Qh6 35. Qd5+ 1-0

[Event "FISU World University-ch 2020"]
[Site "Online"]
[Date "2020.10.26"]
[Round "7.10"]
[White "Dzurak, Vitalii"]
[Black "Wang, Zihao"]
[Result "0-1"]
[WhiteElo "1894"]
[BlackElo "1811"]
[Annotator "NA"]
[PlyCount "84"]
[EventDate "2020.10.26"]
[SourceTitle "playchess.com"]
[Source "ChessBase"]
[SourceQuality "1"]

1. d4 Nf6 2. c4 e6 3. Nc3 Bb4 4. Qc2 d5 5. cxd5 exd5 6. Nf3 c5 7. Bg5 h6 8. Bxf6 Qxf6 9. e3 c4 10. e4 O-O 11. e5 Bf5 12. Qa4 Qe7 13. Be2 Nc6 14. O-O Bxc3 15. bxc3 a6 16. Qd1 b5 17. a3 a5 18. Nd2 b4 19. Qc1 bxc3 20. Qxc3 Qa7 21. Nf3 Rab8 22. Bd1 a4 23. Ra2 Be4 24. Rd2 Rb1 25. Ne1 Rfb8 26. f3 Bg6 27. f4 Rxd1 28. Rxd1 Rb3 29. Qa1 c3 30. Nf3 c2 31. Rc1 Be4 32. Kh1 Qb6 33. Nd2 Nxd4 34. Nxb3 axb3 35. Qb2 Ne2 36. Rce1 Qe3 37. a4 d4 38. a5 d3 39. Qxb3 c1=Q 40. Rxc1 Nxc1 41. Qd1 Ne2 42. f5 Nf4 0-1

[Event "FISU World University-ch 2020"]
[Site "Online"]
[Date "2020.10.26"]
[Round "7.10"]
[White "Sydoryak, Vira"]
[Black "Pang, Tao"]
[Result "0-1"]
[WhiteElo "1791"]
[BlackElo "2427"]
[Annotator "TA"]
[PlyCount "70"]
[EventDate "2020.10.26"]
[SourceTitle "playchess.com"]
[Source "ChessBase"]
[SourceQuality "1"]

1. e4 c5 2. Nf3 Nc6 3. d4 cxd4 4. Nxd4 Nf6 5. Nc3 e5 6. Ndb5 d6 7. Bg5 a6 8. Na3 b5 9. Nd5 Be7 10. Bxf6 Bxf6 11. c3 O-O 12. Nc2 Bg5 13. Be2 f5 14. exf5 Bxf5 15. O-O Kh8 16. Nce3 Be6 17. Bg4 Bxd5 18. Nxd5 Ra7 19. a4 Qb8 20. Qe2 b4 21. Bf3 bxc3 22. bxc3 Ne7 23. Rab1 Qc8 24. Rb3 Qc5 25. Qd3 Nc6 26. Rfb1 Raf7 27. Qxa6 Rxf3 28. gxf3 Qxd5 29. Qe2 h6 30. Qe4 Qc5 31. h3 d5 32. Qg6 Bh4 33. R1b2 Rxf3 34. Rb7 Rg3+ 35. Qxg3 Bxg3 0-1

[Event "FISU World University-ch 2020"]
[Site "Online"]
[Date "2020.10.26"]
[Round "7.10"]
[White "Chen, Jinghua"]
[Black "Stasiuk, Vitaly"]
[Result "1/2-1/2"]
[WhiteElo "1690"]
[BlackElo "1855"]
[Annotator "NA"]
[PlyCount "108"]
[EventDate "2020.10.26"]
[SourceTitle "playchess.com"]
[Source "ChessBase"]
[SourceQuality "1"]

1. e4 e5 2. Nf3 Nc6 3. Bb5 a6 4. Bxc6 dxc6 5. O-O f6 6. d4 exd4 7. Nxd4 c5 8. Nb3 Qxd1 9. Rxd1 Bg4 10. f3 Be6 11. Bf4 c4 12. Nd4 O-O-O 13. Nc3 Bc5 14. Be3 Ne7 15. Nf5 Bxe3+ 16. Nxe3 c6 17. a4 a5 18. Kf2 Kc7 19. Ne2 Rxd1 20. Rxd1 b5 21. Nd4 Bd7 22. Ra1 Kb6 23. h3 Kc5 24. axb5 cxb5 25. c3 Ra8 26. Nec2 Ng6 27. g3 Ne5 28. Nb4 axb4 29. Rxa8 Nd3+ 30. Ke3 Nxb2 31. cxb4+ Kxb4 32. Ra7 Bxh3 33. Nxb5 Kxb5 34. Rb7+ Kc6 35. Rxb2 Bf1 36. Kd4 Bd3 37. Rb8 Be2 38. f4 Kd6 39. Rg8 g6 40. Rg7 g5 41. fxg5 fxg5 42. Rxg5 Ke6 43. e5 h5 44. Rg6+ Kf5 45. Rf6+ Kg4 46. e6 c3 47. Kxc3 Kxg3 48. e7 Bb5 49. Rg6+ Kf3 50. Rg8 h4 51. e8=Q Bxe8 52. Rxe8 h3 53. Rh8 Kg2 54. Rg8+ Kf2 1/2-1/2

[Event "FISU World University-ch 2020"]
[Site "Online"]
[Date "2020.10.26"]
[Round "7.11"]
[White "Bosnjak, Petar"]
[Black "Da Silva Araujo, Gabriel Victor"]
[Result "1-0"]
[WhiteElo "2308"]
[BlackElo "2011"]
[Annotator "TA"]
[PlyCount "89"]
[EventDate "2020.10.26"]
[SourceTitle "playchess.com"]
[Source "ChessBase"]
[SourceQuality "1"]

1. e4 c5 2. Nf3 Nc6 3. d4 cxd4 4. Nxd4 g6 5. c4 Nf6 6. Nc3 d6 7. Nc2 Bg7 8. Be2 O-O 9. O-O a5 10. Na3 Bd7 11. Nab5 Na7 12. Nxa7 Rxa7 13. Be3 Ra8 14. f3 Bc6 15. Qd2 Nd7 16. b3 Qc7 17. Rac1 Rfc8 18. Rfd1 Qd8 19. Bf1 h5 20. Ne2 Qf8 21. Nd4 Kh7 22. Nxc6 Rxc6 23. Bd3 Bh6 24. f4 e5 25. f5 Bxe3+ 26. Qxe3 Qh6 27. Qf3 Rf8 28. Rc2 Nc5 29. Rf2 Rcc8 30. Bb1 Rcd8 31. Rfd2 gxf5 32. exf5 Kh8 33. h3 Rg8 34. Kh1 Rg5 35. Qe3 Qf6 36. a3 h4 37. Bc2 Rg3 38. Qe2 Nxb3 39. Bxb3 Rxb3 40. Qh5+ Kg7 41. c5 Kf8 42. Rxd6 Rxd6 43. Rxd6 Rb1+ 44. Kh2 Qg7 45. Qxh4 1-0

[Event "FISU World University-ch 2020"]
[Site "Online"]
[Date "2020.10.26"]
[Round "7.11"]
[White "Damaceno, Mateus Lima"]
[Black "Livaic, Leon"]
[Result "0-1"]
[WhiteElo "2136"]
[BlackElo "2507"]
[Annotator "TA"]
[PlyCount "138"]
[EventDate "2020.10.26"]
[SourceTitle "playchess.com"]
[Source "ChessBase"]
[SourceQuality "1"]

1. d4 Nf6 2. c4 c5 3. d5 e6 4. Nc3 exd5 5. cxd5 d6 6. Nf3 g6 7. Bf4 a6 8. a4 Bg7 9. e3 O-O 10. h3 Ne8 11. Be2 Nd7 12. O-O b6 13. Nd2 Ne5 14. Bh2 f5 15. Qc2 Bd7 16. Rab1 Qe7 17. Kh1 g5 18. f4 gxf4 19. exf4 Ng6 20. Rbe1 Qf7 21. Qb3 b5 22. axb5 axb5 23. Bxb5 Nc7 24. Bxd7 Qxd7 25. Nc4 Rfb8 26. Qc2 Rb4 27. Qd3 Rab8 28. Re2 Nb5 29. Nxb5 Qxb5 30. Rc1 Bxb2 31. Nxb2 Rxb2 32. Qxb5 R8xb5 33. Re6 Rb1 34. Rg1 Rb6 35. g4 c4 36. gxf5 c3 37. Re8+ Kg7 38. Rc8 Rxg1+ 39. Bxg1 Ne7 40. Rxc3 Rb1 41. Rc7 Kf6 42. Kg2 Nxd5 43. Rxh7 Nxf4+ 44. Kf3 Rf1+ 45. Kg4 Ne2 46. Bh2 d5 47. Rh6+ Kf7 48. Kg5 Nd4 49. Rf6+ Kg7 50. Be5 Nf3+ 51. Kh5 Nxe5 52. Rd6 Rxf5+ 53. Kh4 Nf7 54. Rd7 Kf6 55. Ra7 Ke6 56. Ra6+ Ke5 57. Kg4 Rg5+ 58. Kf3 Nd6 59. h4 Rg8 60. Ra1 Rf8+ 61. Ke2 Ne4 62. Ra7 Rh8 63. Re7+ Kd4 64. Ra7 Rxh4 65. Ra4+ Ke5 66. Ra8 Rh2+ 67. Ke1 d4 68. Rf8 d3 69. Rf3 Rh1+ 0-1

[Event "FISU World University-ch 2020"]
[Site "Online"]
[Date "2020.10.26"]
[Round "7.11"]
[White "Ivekovic, Tihana"]
[Black "Rodrigues, Vanessa Ketlyn Sousa"]
[Result "1-0"]
[WhiteElo "2127"]
[BlackElo "1744"]
[Annotator "NA RC"]
[PlyCount "67"]
[EventDate "2020.10.26"]
[SourceTitle "playchess.com"]
[Source "ChessBase"]
[SourceQuality "1"]

1. d4 Nf6 2. c4 c5 3. d5 b5 4. cxb5 a6 5. bxa6 Bxa6 6. Nc3 d6 7. e4 Bxf1 8. Kxf1 g6 9. Nf3 Bg7 10. g3 O-O 11. Kg2 Nbd7 12. a4 Qa5 13. Ra3 Ng4 14. Qc2 Nge5 15. Nxe5 Nxe5 16. Nb5 Rfc8 17. f4 Ng4 18. h3 Nf6 19. Bd2 Qb6 20. Bc3 c4 21. Re1 Nd7 22. Bxg7 Kxg7 23. Qc3+ f6 24. Nd4 Nc5 25. a5 Qb8 26. Nc6 Qb5 27. Nd4 Qa6 28. e5 Nd3 29. exf6+ Kg8 30. Rxe7 Re8 31. f7+ Kf8 32. fxe8=Q+ Rxe8 33. Ne6+ Kxe7 34. Qg7# 1-0

[Event "FISU World University-ch 2020"]
[Site "Online"]
[Date "2020.10.26"]
[Round "7.11"]
[White "Bail, Ellen Larissa"]
[Black "Muha, Miljenko"]
[Result "1/2-1/2"]
[WhiteElo "1848"]
[BlackElo "2295"]
[Annotator "TA"]
[PlyCount "110"]
[EventDate "2020.10.26"]
[SourceTitle "playchess.com"]
[Source "ChessBase"]
[SourceQuality "1"]

1. d4 d6 2. c4 g6 3. Nc3 Bg7 4. Nf3 Nf6 5. Bg5 O-O 6. e3 Bf5 7. Bd3 Bxd3 8. Qxd3 Nc6 9. O-O h6 10. Bh4 g5 11. Bg3 Nh5 12. Rab1 e5 13. d5 Nb4 14. Qf5 Qc8 15. Qxc8 Raxc8 16. e4 c5 17. a3 Nc2 18. Nb5 Rcd8 19. Nxa7 f5 20. exf5 Rxf5 21. Nb5 Nxg3 22. hxg3 e4 23. Rfc1 Nxa3 24. bxa3 exf3 25. Rb3 fxg2 26. Kxg2 Rd7 27. Re1 Be5 28. Re2 h5 29. Rf3 Rxf3 30. Kxf3 Kf7 31. Kg2 Kg6 32. Re3 Rf7 33. Rf3 Rh7 34. Rf8 h4 35. gxh4 Rxh4 36. Rd8 Rxc4 37. Nxd6 Bxd6 38. Rxd6+ Kf5 39. Rb6 Ra4 40. Rxb7 Rxa3 41. d6 Ke6 42. d7 Ke7 43. d8=Q+ Kxd8 44. Rg7 Ra6 45. Rxg5 Rc6 46. Kf3 Ke7 47. Ke2 Re6+ 48. Kd3 Kd6 49. Rf5 Re1 50. f3 Rd1+ 51. Kc3 Rc1+ 52. Kd3 Rd1+ 53. Kc3 Rc1+ 54. Kd3 Rd1+ 55. Kc3 Rc1+ 1/2-1/2

[Event "FISU World University-ch 2020"]
[Site "Online"]
[Date "2020.10.26"]
[Round "7.12"]
[White "Grimm, Daniel"]
[Black "Benedetti, Julio"]
[Result "1/2-1/2"]
[WhiteElo "2286"]
[BlackElo "2282"]
[Annotator "TA"]
[PlyCount "152"]
[EventDate "2020.10.26"]
[SourceTitle "playchess.com"]
[Source "ChessBase"]
[SourceQuality "1"]

1. e4 Nc6 2. Nf3 e5 3. Bc4 Nf6 4. d3 h6 5. c3 d6 6. Bb3 g6 7. O-O Bg7 8. Re1 O-O 9. h3 Kh7 10. d4 Nh5 11. Na3 a6 12. Nc4 b5 13. Ne3 Na5 14. Bc2 Bb7 15. a4 c5 16. b3 exd4 17. cxd4 Nc6 18. Bb2 Nb4 19. Bb1 Re8 20. axb5 axb5 21. Rxa8 Qxa8 22. Bc3 Na2 23. Bxa2 Qxa2 24. e5 Bxf3 25. Qxf3 Qxb3 26. Ba1 dxe5 27. dxe5 Bxe5 28. Bxe5 Rxe5 29. g4 Ng7 30. Ra1 Re7 31. Ra8 Qb1+ 32. Kh2 Qe4 33. Qxe4 Rxe4 34. Rb8 b4 35. Nd5 Re6 36. Rc8 g5 37. Rxc5 Re2 38. Kg3 b3 39. Rb5 b2 40. Nc3 Rd2 41. Ne4 Rc2 42. Nd6 Kg6 43. Rb6 Ne6 44. Nf5 h5 45. Ne3 h4+ 46. Kf3 Rd2 47. Nc4 Rd3+ 48. Ne3 Rd2 49. Nc4 Rd4 50. Ne3 Rd2 51. Nc4 Rd3+ 52. Ne3 Kg7 53. Rxb2 Nf4 54. Ke4 Rd7 55. Nf5+ Kg6 56. Rb6+ f6 57. Rb3 Ra7 58. Nd6 Re7+ 59. Kf3 Nxh3 60. Nf5 Ra7 61. Rc3 Nf4 62. Nxh4+ gxh4 63. Kxf4 Ra4+ 64. Kf3 h3 65. Kg3 h2 66. Kxh2 Rxg4 67. Kh3 Rg1 68. Rc5 Kh6 69. Kh2 Rg7 70. Kh3 Rg1 71. Kh2 Rg7 72. Kh3 Rg1 73. Kh2 Rg7 74. Kh3 Rg1 75. Kh2 Rg7 76. Kh3 Rg1 1/2-1/2

[Event "FISU World University-ch 2020"]
[Site "Online"]
[Date "2020.10.26"]
[Round "7.12"]
[White "Cimer, Emanuel"]
[Black "Marosi, Levente"]
[Result "1-0"]
[WhiteElo "2247"]
[BlackElo "2251"]
[Annotator "TA"]
[PlyCount "61"]
[EventDate "2020.10.26"]
[SourceTitle "playchess.com"]
[Source "ChessBase"]
[SourceQuality "1"]

1. e4 c6 2. d4 d5 3. e5 Bf5 4. Nc3 e6 5. g4 Bg6 6. Nge2 c5 7. h4 h5 8. Nf4 Bh7 9. Nxh5 Nc6 10. Bb5 a6 11. Bxc6+ bxc6 12. dxc5 d4 13. Ne2 Bxc5 14. Nef4 Qb8 15. Qe2 Bf8 16. Nd3 Bxd3 17. cxd3 g6 18. Ng3 Bb4+ 19. Kf1 Ne7 20. h5 Nd5 21. Bg5 Be7 22. Bxe7 Kxe7 23. Re1 Qb5 24. Qd2 Rab8 25. Ne4 Qxb2 26. Qg5+ Kd7 27. Rh3 Qxa2 28. Rf3 Rbf8 29. h6 Rh7 30. Qc1 Qa4 31. Nc5+ 1-0

[Event "FISU World University-ch 2020"]
[Site "Online"]
[Date "2020.10.26"]
[Round "7.12"]
[White "Juhasz, Barbara"]
[Black "Campos, Maria Jose"]
[Result "1-0"]
[WhiteElo "2211"]
[BlackElo "2112"]
[Annotator "TA"]
[PlyCount "77"]
[EventDate "2020.10.26"]
[SourceTitle "playchess.com"]
[Source "ChessBase"]
[SourceQuality "1"]

1. e4 e5 2. Nf3 Nc6 3. Bb5 a6 4. Ba4 Nf6 5. O-O Be7 6. Bxc6 dxc6 7. d3 Nd7 8. Nbd2 f6 9. Nh4 g6 10. Nb3 c5 11. f4 exf4 12. Bxf4 O-O 13. Be3 b6 14. Nf3 Bb7 15. Nbd2 Qe8 16. Qe1 Rd8 17. a4 Nb8 18. Bh6 Rf7 19. Qg3 Nc6 20. Nc4 Bc8 21. Bf4 b5 22. axb5 axb5 23. Ne3 Bd6 24. Rf2 Be6 25. h4 Nd4 26. Bxd6 Rxd6 27. Raf1 c4 28. Nxd4 Rxd4 29. h5 Rf8 30. Rxf6 Rxf6 31. Rxf6 Bf7 32. Nf5 Rd7 33. e5 Kh8 34. Nh6 gxh5 35. Qf4 cxd3 36. Nxf7+ Rxf7 37. Rxf7 d2 38. Qf6+ Kg8 39. Qg7# 1-0

[Event "FISU World University-ch 2020"]
[Site "Online"]
[Date "2020.10.26"]
[Round "7.12"]
[White "Curatolo, Nicolas Matias"]
[Black "Grimm, Gyorgy"]
[Result "0-1"]
[WhiteElo "1665"]
[BlackElo "2143"]
[Annotator "TA"]
[PlyCount "78"]
[EventDate "2020.10.26"]
[SourceTitle "playchess.com"]
[Source "ChessBase"]
[SourceQuality "1"]

1. d4 d5 2. c4 c6 3. cxd5 cxd5 4. Bf4 Nc6 5. Nc3 Nf6 6. e3 a6 7. Bd3 Bg4 8. Qb3 Na5 9. Qa4+ b5 10. Qc2 Rc8 11. Qd2 e6 12. Nge2 Bb4 13. f3 Bh5 14. O-O O-O 15. Qd1 Bg6 16. a3 Be7 17. Rc1 Nc4 18. Bxg6 hxg6 19. Qb3 Nd2 20. Qd1 Nxf1 21. Kxf1 Nh5 22. e4 Nxf4 23. Nxf4 Bg5 24. g3 Bxf4 25. gxf4 dxe4 26. fxe4 Rc4 27. Ne2 Rxc1 28. Qxc1 Qd7 29. Qd2 Rc8 30. h4 Qc6 31. Nc3 Rd8 32. Kg1 a5 33. Ne2 Qxe4 34. Qxa5 Rb8 35. Qd2 Qf3 36. Nc3 b4 37. axb4 Rxb4 38. d5 Qxf4 39. d6 Qxd2 0-1

[Event "FISU World University-ch 2020"]
[Site "Online"]
[Date "2020.10.26"]
[Round "7.13"]
[White "Ferreira, Hugo Miguel Da Costa"]
[Black "Moreno Bermudez, Jhon Jairo"]
[Result "1-0"]
[WhiteElo "2081"]
[BlackElo "1839"]
[Annotator "TA"]
[PlyCount "179"]
[EventDate "2020.10.26"]
[SourceTitle "playchess.com"]
[Source "ChessBase"]
[SourceQuality "1"]

1. d4 Nf6 2. Nf3 e6 3. Bf4 c5 4. e3 Nc6 5. c3 Be7 6. Bd3 a6 7. a4 d6 8. h3 O-O 9. Qc2 Bd7 10. Nbd2 Rc8 11. Nc4 Be8 12. Qb1 b5 13. Ncd2 Qb6 14. axb5 axb5 15. O-O Bd7 16. Rd1 Ra8 17. Qc2 h6 18. dxc5 Qxc5 19. e4 Qb6 20. Nb3 Na5 21. e5 Nxb3 22. Rxa8 Rxa8 23. Qxb3 dxe5 24. Nxe5 Be8 25. Be3 Qa5 26. Be2 Qa4 27. Qxa4 Rxa4 28. Bf3 Ra2 29. Rd2 Nd5 30. Bxd5 exd5 31. f4 f6 32. Nd3 Bg6 33. Nc5 Bxc5 34. Bxc5 Be4 35. Kf2 g5 36. Ke3 Ra1 37. fxg5 hxg5 38. g3 Rh1 39. h4 gxh4 40. gxh4 Rxh4 41. Rf2 f5 42. Bd6 Bb1 43. Rf1 Bc2 44. Bf4 Rh7 45. Kd4 Be4 46. Kc5 Rb7 47. Rg1+ Kf7 48. Ra1 Ke7 49. Ra5 b4 50. cxb4 d4 51. b5 d3 52. b6 Rd7 53. Ra7 Ke6 54. Bd2 Bb7 55. Ra4 Be4 56. Kc4 Rb7 57. Rb4 Kd6 58. Kc3 Kc6 59. Be3 Kd6 60. Rc4 Kd7 61. b4 Kd6 62. Bf4+ Kd7 63. Bc7 Ke6 64. Kd2 Kd7 65. Ke3 Ke6 66. b5 Kd7 67. Kf4 Ke6 68. Rd4 Kf6 69. Rd6+ Ke7 70. Ke5 d2 71. Rxd2 Bb1 72. Rh2 Kf7 73. Rh7+ Kg6 74. Rd7 Be4 75. Kd4 Kf6 76. Kc5 Ke6 77. Rd8 Ke7 78. Rd1 Ke6 79. Re1 Kd7 80. Kb4 Bg2 81. Ka5 Bf3 82. Ka6 Bg2 83. Re2 Bh1 84. Re5 Bg2 85. Rxf5 Bh1 86. Rf8 Bg2 87. Rd8+ Ke7 88. Rb8 Rxb8 89. Bxb8 Kd7 90. b7 1-0

[Event "FISU World University-ch 2020"]
[Site "Online"]
[Date "2020.10.26"]
[Round "7.13"]
[White "Rodriguez Pineda, Sofia"]
[Black "Monteiro, Paulo Alexandre G"]
[Result "1-0"]
[WhiteElo "1783"]
[BlackElo "2049"]
[Annotator "NA"]
[PlyCount "51"]
[EventDate "2020.10.26"]
[SourceTitle "playchess.com"]
[Source "ChessBase"]
[SourceQuality "1"]

1. e4 e6 2. d4 d5 3. Nd2 Nf6 4. e5 Nfd7 5. Bd3 c5 6. c3 Nc6 7. Ne2 cxd4 8. cxd4 f6 9. exf6 Nxf6 10. O-O Bd6 11. Nf3 O-O 12. Bg5 Qc7 13. Nc3 a6 14. Bh4 Bd7 15. Re1 Rae8 16. Bg3 Re7 17. Bxd6 Qxd6 18. Ne5 Be8 19. Rc1 Bh5 20. Qd2 Ng4 21. Qg5 g6 22. Nxg4 Bxg4 23. Qxg4 Rf4 24. Qg3 Nxd4 25. Nxd5 Nf5 26. Bxf5 1-0

[Event "FISU World University-ch 2020"]
[Site "Online"]
[Date "2020.10.26"]
[Round "7.13"]
[White "Orozco, Omar"]
[Black "Fernandes, Tiago Saraiva"]
[Result "1-0"]
[WhiteElo "1673"]
[BlackElo "1950"]
[Annotator "NA"]
[PlyCount "59"]
[EventDate "2020.10.26"]
[SourceTitle "playchess.com"]
[Source "ChessBase"]
[SourceQuality "1"]

1. d4 c5 2. c3 Nf6 3. Nf3 b6 4. Bf4 Bb7 5. Nbd2 d5 6. e3 e6 7. Ne5 Be7 8. Bd3 O-O 9. h4 Nc6 10. Qf3 Rc8 11. h5 Nxe5 12. dxe5 Nd7 13. Qg4 Kh8 14. Nf3 Rg8 15. Nh4 Bxh4 16. Rxh4 f5 17. exf6 Qxf6 18. Bg5 Qf7 19. Bf4 Nf6 20. Qg6 Qxg6 21. hxg6 h6 22. g4 Ne4 23. f3 c4 24. Bc2 Nc5 25. g5 Rgf8 26. gxh6 gxh6 27. Rxh6+ Kg8 28. Be5 Nd3+ 29. Bxd3 cxd3 30. Rh8# 1-0

[Event "FISU World University-ch 2020"]
[Site "Online"]
[Date "2020.10.26"]
[Round "7.13"]
[White "Santos, Rita Alexandra L Sil"]
[Black "Loaiza, Yurani"]
[Result "0-1"]
[WhiteElo "1606"]
[BlackElo "1942"]
[Annotator "NA"]
[PlyCount "148"]
[EventDate "2020.10.26"]
[SourceTitle "playchess.com"]
[Source "ChessBase"]
[SourceQuality "1"]

1. e4 e5 2. Nf3 Nc6 3. d4 exd4 4. Nxd4 Bc5 5. Be3 Bb6 6. Bc4 d6 7. Qf3 Ne5 8. Qe2 Nxc4 9. Qxc4 Nf6 10. Nc3 O-O 11. O-O Ng4 12. Bf4 Qf6 13. Nde2 Be6 14. Qd3 Rfe8 15. h3 Ne5 16. Qg3 Ng6 17. Be3 Bc4 18. Rfe1 Ba5 19. Bd4 Qh4 20. Qxh4 Nxh4 21. Ng3 Bb6 22. Bxb6 axb6 23. b3 Be6 24. Nd5 Bxd5 25. exd5 Ng6 26. a4 Kf8 27. Kf1 Nf4 28. c4 Nd3 29. Re3 Rxe3 30. fxe3 Nc5 31. Rb1 Ke7 32. Kf2 Kf6 33. Ne2 Ke5 34. Kf3 Ne4 35. Rb2 Nc5 36. Nc3 Re8 37. b4 Nd3 38. Rb1 Kf5 39. g4+ Kg5 40. Nb5 Re7 41. e4 Ne5+ 42. Kg3 Nxc4 43. h4+ Kg6 44. Kf4 Nd2 45. Re1 h5 46. g5 f6 47. Nd4 Nc4 48. Nf5 Re5 49. Rg1 Kf7 50. gxf6 Kxf6 51. Rxg7 Rxf5+ 52. exf5 Kxg7 53. Kg5 Ne3 54. f6+ Kf7 55. b5 Nxd5 56. Kxh5 Nxf6+ 57. Kg5 d5 58. h5 d4 59. Kf4 c5 60. bxc6 bxc6 61. h6 c5 62. Kf3 Kg6 63. h7 Nxh7 64. Ke4 Nf6+ 65. Kd3 Kf5 66. Kc4 Ke4 67. Kb5 d3 68. Kxb6 d2 69. a5 d1=Q 70. a6 Qb3+ 71. Kc7 Qf7+ 72. Kb8 Nd5 73. a7 Qc7+ 74. Ka8 Nb6# 0-1

[Event "FISU World University-ch 2020"]
[Site "Online"]
[Date "2020.10.26"]
[Round "7.14"]
[White "Smieszek, Wojciech"]
[Black "Argote Heredia, Valentina"]
[Result "1-0"]
[WhiteElo "2107"]
[BlackElo "2150"]
[Annotator "TA"]
[PlyCount "37"]
[EventDate "2020.10.26"]
[SourceTitle "playchess.com"]
[Source "ChessBase"]
[SourceQuality "1"]

1. e4 c5 2. Nf3 d6 3. d4 cxd4 4. Nxd4 Nf6 5. Nc3 a6 6. Nb3 e5 7. Bg5 Be6 8. Qd3 Nbd7 9. Be2 Be7 10. Rg1 h5 11. h3 h4 12. O-O-O Rc8 13. Kb1 Qc7 14. Rd2 b5 15. Rgd1 b4 16. Nd5 Nxd5 17. exd5 Bxg5 18. dxe6 fxe6 19. Qg6+ 1-0

[Event "FISU World University-ch 2020"]
[Site "Online"]
[Date "2020.10.26"]
[Round "7.14"]
[White "Gaviria, Andres Felipe"]
[Black "Parol, Pola"]
[Result "1-0"]
[WhiteElo "2065"]
[BlackElo "2069"]
[Annotator "TA"]
[PlyCount "123"]
[EventDate "2020.10.26"]
[SourceTitle "playchess.com"]
[Source "ChessBase"]
[SourceQuality "1"]

1. e4 c5 2. Nf3 d6 3. d4 cxd4 4. Nxd4 Nf6 5. Nc3 a6 6. f4 g6 7. Be2 Bg7 8. Be3 O-O 9. Nb3 Nc6 10. O-O b5 11. Bf3 Bb7 12. a3 Nd7 13. Nd4 Na5 14. Be2 Nc4 15. Bxc4 bxc4 16. Qe2 Rc8 17. Kh1 Nc5 18. Bg1 e6 19. f5 exf5 20. exf5 Bf6 21. fxg6 fxg6 22. Qxc4+ Kh8 23. Ne6 Nxe6 24. Qxe6 Bg7 25. Rf7 Rxf7 26. Qxf7 Rc7 27. Qf4 Qa8 28. Qd2 Re7 29. Bb6 Qe8 30. Bd4 Qc6 31. Bxg7+ Kxg7 32. Rf1 Kg8 33. Qf2 Qe8 34. h3 Qc8 35. Kh2 Qb8 36. Qg3 Qd8 37. Rd1 Rd7 38. Nd5 Bxd5 39. Rxd5 Qf6 40. c3 Kg7 41. b4 Qe6 42. c4 Qe4 43. Qc3+ Kg8 44. Qd4 Qxd4 45. Rxd4 Kf7 46. Rd5 Ke6 47. Ra5 Rc7 48. Rxa6 Rxc4 49. Kg3 Ke5 50. b5 Rc3+ 51. Kf2 Rb3 52. b6 d5 53. a4 d4 54. Ra5+ Ke4 55. Rb5 Rc3 56. b7 Rc2+ 57. Kg3 d3 58. b8=Q d2 59. Qf4+ Kd3 60. Rd5+ Kc3 61. Qe3+ Kb2 62. Rxd2 1-0

[Event "FISU World University-ch 2020"]
[Site "Online"]
[Date "2020.10.26"]
[Round "7.14"]
[White "Krzysztynska, Anna"]
[Black "Dominguez, Laura Lucia"]
[Result "0-1"]
[WhiteElo "1888"]
[BlackElo "1970"]
[Annotator "NA"]
[PlyCount "90"]
[EventDate "2020.10.26"]
[SourceTitle "playchess.com"]
[Source "ChessBase"]
[SourceQuality "1"]

1. e4 c5 2. Nc3 Nc6 3. g3 g6 4. Bg2 Bg7 5. d3 d6 6. Nge2 e6 7. O-O h5 8. f4 Nge7 9. Bd2 Rb8 10. a4 a6 11. Kh1 b5 12. axb5 axb5 13. Qc1 O-O 14. f5 exf5 15. Bg5 f6 16. Be3 fxe4 17. Nxe4 Bg4 18. Ng1 Qd7 19. h3 Be6 20. Kh2 Ne5 21. Nf3 Nxf3+ 22. Rxf3 Nf5 23. Bd2 Rbe8 24. c3 Qc7 25. Qf1 d5 26. Bf4 Qc6 27. Nf2 g5 28. Bd2 Qd6 29. Nd1 Nh4 30. Rf2 Ng6 31. d4 c4 32. Rf3 g4 33. Bf4 Qd7 34. Rf2 Nxf4 35. gxf4 Bf5 36. h4 Re7 37. Re2 Rfe8 38. Rxe7 Rxe7 39. Nf2 Bh6 40. Nh1 Qd6 41. Ng3 Bd3 42. Qf2 Bxf4 43. Re1 Bxg3+ 44. Qxg3 Qxg3+ 45. Kxg3 Rxe1 0-1